000 00949cam a2200313 4500
001 2524841
003 YEEZEN
005 20250729145027.0
008 250321s2025 ch ad e b 000 0 chi d
020 _a9786264191630
_q(平裝) :
_c新臺幣450元
040 _aSAN
_bchi
_c桃市圖
_eCCR
041 0 _achi
042 _anbic
084 _a416.613
_2ncsclt
090 _a416.613
100 1 _a許嘉麟
_e
245 1 0 _a自己的肩痛自己救 :
_b圖解五十肩保健與治療 : 你的肩膀保固期只有40年! /
_c許嘉麟著
246 1 0 _a圖解五十肩保健與治療
246 1 0 _a你的肩膀保固期只有40年!
250 _a[二版]
260 _a臺北市 :
_b時報文化,
_c2025.01
300 _a271面 :
_b部份彩圖, 表格 ;
_c21公分
490 0 _aCare ;
_v93.
500 _a新版
504 _a參考書目: 面269-271.
650 7 _a冷凍肩
_2lcstt.
650 7 _a健康法
_2lcstt.
942 _2ccl
_cBOOK
999 _c7668
_d7668